| 000 | 02053nam0a2200373 4500 | ||
|---|---|---|---|
| 001 | RU\NLR\bibl\1285709 | ||
| 005 | 20260407093522.0 | ||
| 010 |
_a978-5-7803-0177-6 _9500 |
||
| 021 |
_aRU _b2009-260 _916 |
||
| 035 | _a(NLR Aleph) 001271434 | ||
| 090 |
_a441600 _c441600 |
||
| 100 | _a20081020d2008 |||y0rusy50 ca | ||
| 101 | 0 | _arus | |
| 102 | _aRU | ||
| 105 | _ay ||||||||| | ||
| 200 | 1 |
_aНародонаселение Сибири: стратегии и практики межкультурной коммуникации _e(XVII - начало ХХ века) _eсборник статей _fРос. акад. наук, Сиб. отд-ние, Ин-т археологии и этнографии [и др. _gредкол.: д.ист.н. А.В. Бауло (отв. ред.) и др.] |
|
| 210 |
_aНовосибирск _cИзд-во Института археологии и этнографии _d2008 |
||
| 215 |
_a363 с. _d22 |
||
| 225 | 1 |
_aСерия "Этнография Сибири" _eисследования и материалы-2008 |
|
| 300 | _aВ надзаг. также: Урал. отд-ние, Ин-т истории и археологии, Федер. агентство по образованию, Новосиб. гос. ун-т | ||
| 320 | _aБиблиогр. в подстроч. примеч. | ||
| 606 | 1 |
_aНациональные отношения _jСборники _xИстория _yСибирь _92529681 _3RU\NLR\auth\661498450 |
|
| 686 | _aТ3(2Р5)0-56я43 | ||
| 702 | 1 |
_aБауло _bА. В. _gАркадий Викторович _4340 |
|
| 712 | 0 | 2 |
_4570 _aИнститут археологии и этнографии _cНовосибирск _9330489 _3RU\NLR\AUTH\889917161 |
| 801 | 0 |
_aRU _bNLR _c20081020 _gRCR |
|
| 801 | 1 |
_aRU _bNLR _c20081020 |
|
| 830 | _aред. по базе | ||
| 852 |
_aNLR _bОНЛ _j2008-5/8933 |
||
| 852 |
_aNLR _bОНЛ _j2008-5/8933 |
||
| 942 | _cBOOK | ||
| 980 | _aNB | ||